El espíritu de Dostoievski (Dostoyevski)
Kaydedildi:
| Yazar: | |
|---|---|
| Materyal Türü: | Kitap |
| Dil: | Undetermined |
| Baskı/Yayın Bilgisi: |
Buenos Aires, Argentina
Carlos Lohlé
1978
|
| Konular: | |
| Etiketler: |
Etiketle
Etiket eklenmemiş, İlk siz ekleyin!
|
MARC
| LEADER | 00000nam a2200000Ia 4500 | ||
|---|---|---|---|
| 008 | 170316s9999 xx 000 0 und d | ||
| 040 | |a cru BVZT | ||
| 090 | |a 891 B-5e | ||
| 100 | |a Berdiaev, Nicolás | ||
| 245 | |a El espíritu de Dostoievski (Dostoyevski) | ||
| 260 | |a Buenos Aires, Argentina | ||
| 260 | |b Carlos Lohlé | ||
| 260 | |c 1978 | ||
| 300 | |a 191 páginas | ||
| 650 | |a LITERATURA RUSA | ||
| 650 | |a HOMBRE | ||
| 650 | |a LIBERTAD | ||
| 650 | |a MAL | ||
| 650 | |a AMOR | ||
| 650 | |a LA REVOLUCIÓN | ||
| 650 | |a SOCIALISMO | ||
| 650 | |a RUSIA | ||
| 999 | |c 12005 |d 12005 | ||
| 942 | |c 15 D |h 891 B-5e |2 z | ||
